000 00931cam a2200325Ia 4500
020 _a0021492719 (Gr. K)
020 _a0021492727 (Gr. 1)
020 _a0021492735 (Gr. 2)
020 _a0021492743 (Gr. 3)
020 _a0021492751 (Gr. 4)
020 _a0021492778 (Gr. 5, v. 1)
020 _a0021492786 (Gr. 5, v. 2)
020 _a0021492794 (Gr. 6, v. 1)
020 _a0021492816 (Gr. 6, v. 2)
040 _cMAN
082 _a372 MAC 2003 A014 Or.
245 0 0 _aMacmillan/McGraw-Hill social studies /
246 1 3 _aSocial studies
250 _aTeacher's edition
260 _aNew York :
_bMacmillan/McGraw-Hill,
_cc2003
300 _a9 v. :
_bill. ;
_c31 cm
500 _aIncludes indexes
650 0 _aSocial sciences
650 0 _aSocial sciences
650 0 _aGeography
650 0 _aGeography
700 1 _aBanks, James A
710 2 _aMacmillan/McGraw-Hill School Publishing Company
942 _cEK
999 _c13399
_d13399